00301nam a22001097a 4500082002500000100002000025245004000045260003600085300002500121526003700146650000800183 a691bKHAcL-14, P-17 aKhadilkar, C.H. aBuilding MaterialscKhadilkar, C.H. aAnandbRamanbhai C. Patelc1953 ap-160. biull.c15cm a0b0c0d691_000000000000000_KHA aMCE